Gaming Quiz

Random Gaming or Nintendo Quiz

Tecmo super bowl nes kickers Quiz Stats

 Plays Quiz not verified by Sporcle

Score 0/28 Timer 10:00
0 Plays Today
Team Kicker % Correct
New Orleans SaintsMorten Andersen
73.4%
Pittsburgh SteelersGary Anderson
65.6%
New York GiantsMatt Bahr
48.4%
San Francisco 49ersMike Cofer
42.2%
Kansas City ChiefsNick Lowery
39.1%
Buffalo BillsSteve Christie
37.5%
Washington RedskinsChip Lohmiller
37.5%
Miami DolphinsPete Stoyanovich
35.9%
Tampa Bay BuccaneersEddie Murray
35.9%
Detroit LionsJason Hanson
34.4%
Cincinnati BengalsJim Breech
32.8%
Los Angeles RamsTony Zendejas
32.8%
San Diego ChargersJohn Carney
32.8%
Houston OilersAl Del Greco
31.3%
Team Kicker % Correct
Atlanta FalconsNorm Johnson
29.7%
Green Bay PackersChris Jacke
28.1%
Minnesota VikingsFuad Reveiz
28.1%
Los Angeles RaidersJeff Jaeger
26.6%
Indianapolis ColtsDean Biasucci
25%
Denver BroncosDavid Treadwell
20.3%
Dallas CowboysLin Elliot
18.8%
Philadelphia EaglesRoger Ruzek
17.2%
Seattle SeahawksJohn Kasay
17.2%
Cleveland BrownsMatt Stover
15.6%
Phoenix CardinalsGreg Davis
15.6%
New York JetsCary Blanchard
7.8%
Chicago BearsKicker Bears
6.3%
New England PatriotsCharlie Baumann
6.3%

You're not logged in!

Compare scores with friends on all Sporcle quizzes.
OR
Log In

Show Comments

Extras

Created Nov 9, 2010ReportNominate
Tags:Nintendo Quiz, bowl, kicker, nes, team, tecmo

Top Quizzes Today


Score Distribution

Your Account Isn't Verified!

In order to create a playlist on Sporcle, you need to verify the email address you used during registration. Go to your Sporcle Settings to finish the process.

Report this User

Report this user for behavior that violates our Community Guidelines.

Details: